01129nam a2200205 a 450000100060000000300090000600800410001502000150005604000280007108200140009910000480011324500250016126000360018630000110022250505840023359000490081765000280086694200120089499900170090618408CO-ViMGA141112s2004 ck r 000 u spa d a9584101323 aCO-ViMGAbspacCO-ViMGA04a547 M347q1 aMeislich, Herbert; Nechamkin, Howard92621010aQuímica orgánica aBogotá, cMcGraw Hill, c2001 a468.p. aEstructura y propiedades de los compuestos orgánicos Enlaces y estructura molecular Reactividad química y reacciones orgánicas Alcanos Estereoquímica Alquenos Halogenuros de Alquilo Alquinos y dienos Hidrocarburos cícicos Benceno y compuestos aromáticos polinucleares Sustitución aromatica . Arenos Espectroscopia y estructura Alcoholes y Tioles Eteres , epóxidos , glicoles , tioeteres Compuestos carbonilos : Aldehidos y cetonas Acidos carboxílicos y sus derivados Enolatos de carbanión Aminas Compuestos fenólicos Compuestos heterocíclicos aromáticos aForma de adquisición : Premio - Mincultura14aQUIMICA ORGANICA916925 2ddccBK c27706d27706